书目信息 |
| 题名: |
中国石油石化设备工业年鉴
|
|
| 作者: | ;中国机械工业年鉴编辑委员会 , 中国石油和石油化工设备工业协会 编 | |
| 分册: | ||
| 出版信息: | 北京 机械工业出版社 2010.02 |
|
| 页数: | 236页 | |
| 开本: | 30cm | |
| 丛书名: | 中国机械工业年鉴系列 | |
| 单 册: | ||
| 中图分类: | TQ050.7-54 | |
| 科图分类: | ||
| 主题词: | 石油化工--shi you hua gong--化工设备--中国--2007---年鉴 | |
| 电子资源: | ||
| ISBN: | 978-7-111-29740-6 | |
| 000 | 01348cas 2200313 450 | |
| 001 | 1163587609 | |
| 005 | 20110831174045.03 | |
| 010 | @a978-7-111-29740-6@b精装@dCNY260.00 | |
| 100 | @a20100916a20109999ekmy0chiy50 ea | |
| 101 | 0 | @achi |
| 102 | @aCN@b110000 | |
| 106 | @ar | |
| 110 | @aakahi 0xx0 | |
| 200 | 1 | @a中国石油石化设备工业年鉴@Azhong guo dan you dan hua she bei gong ye nian jian@f中国机械工业年鉴编辑委员会, 中国石油和石油化工设备工业协会编 |
| 210 | @a北京@c机械工业出版社@d2010.02 | |
| 215 | @a236页@c图 (部分彩图), 肖像@d30cm | |
| 225 | 2 | @a中国机械工业年鉴系列@Azhong guo ji xie gong ye nian jian xi lie |
| 303 | @a据2009年卷著录 | |
| 312 | @a英文并列题名取自封面 | |
| 330 | @a本年鉴分为10部分:综述;行业概况;区域石油石化装备概况;专文;企业概况;节能减排;统计资料和进出口;政策法规;标准和认证;附录。 | |
| 410 | 0 | @12001 @a中国机械工业年鉴系列 |
| 510 | 1 | @aChina petroleum & petrochemical equipment industry yearbook@zeng |
| 586 | @a | |
| 606 | 0 | @a石油化工@Ashi you hua gong@x化工设备@y中国@z2007-@j年鉴 |
| 690 | @aTQ050.7-54@v5 | |
| 711 | 02 | @a中国机械工业年鉴编辑委员会@Azhong guo ji xie gong ye nian jian bian ji wei yuan hui@4编 |
| 711 | 02 | @a中国石油和石油化工设备工业协会@Azhong guo shi you he shi you hua gong she bei gong ye xie hui@4编 |
| 801 | 0 | @aCN@c20110610 |
| 905 | @dTQ050.7-54@eZ563@f3 | |
| 中国石油石化设备工业年鉴/中国机械工业年鉴编辑委员会, 中国石油和石油化工设备工业协会编.-北京:机械工业出版社,2010.02 |
| 236页:图 (部分彩图), 肖像;30cm.-(中国机械工业年鉴系列) |
| ISBN 978-7-111-29740-6(精装):CNY260.00 |
| 本年鉴分为10部分:综述;行业概况;区域石油石化装备概况;专文;企业概况;节能减排;统计资料和进出口;政策法规;标准和认证;附录。 |
| ● |
| 相关链接 |
|
|
|
正题名:中国石油石化设备工业年鉴
索取号:TQ050.7-54/Z563
 
预约/预借
| 序号 | 登录号 | 条形码 | 馆藏地/架位号 | 状态 | 备注 |
| 1 | 1014467 | 210144672 | 自科库501/501自科库 138排4列6层/ [索取号:TQ050.7-54/Z563] | 在馆 | |
| 2 | 1014468 | 210144681 | 自科库501/501自科库 138排4列6层/ [索取号:TQ050.7-54/Z563] | 在馆 | |
| 3 | 1014469 | 210144690 | 期刊室512/501自科库 138排4列6层/ [索取号:TQ050.7-54/Z563] | 在馆 |